Представление документа в формате RUSMARC

Поле Инд. ПП Название Значение
Тип записи a
Библиографический уровень a
001 Контрольный номер dd928a9c1b7c42f5aab75bc844d1e57f
005 Дата корректировки 20181124200615.5
100 a Данные общей обработки 20181113 ||| 0rusy0189 ca
101 0_ a Язык текста rus
102 a Страна публикации RU
200 1_ f Первые сведения об ответственности Е.А. Першина, О.В. Пименова
a Заглавие Организация деятельности законодательного (представительного) органа государственной власти субъекта Российской Федерации. На примере Северо-Кавказского федерального округа
b Общее обозначение материала Текст
210 d Дата издания 2017
461 _0 1 2000
a Закон и право
463 _0 1 2000
a №11
v С. 22-25
1 2101
d 2017
1 001fe8182aaa0a0482cad02af67e0ab2e35
606 a Основная рубрика Конституционное (государственное) право
610 0_ a Ключевые слова СУБЪЕКТЫ РФ
a Ключевые слова ЗАКОНОДАТЕЛЬНАЯ ВЛАСТЬ
a Ключевые слова ПАРЛАМЕНТ
700 _1 a Фамилия Першина
b Имя Е.А.
701 _1 a Фамилия Пименова
b Имя О.В.
801 _0 a Страна RU
b Организация РГУП
c Дата составления 20181113
g Правила каталогизации PSBO
801 _1 a Страна RU
b Организация РГУП
c Дата составления 20181113
g Правила каталогизации PSBO
901 t Тип документа b
w Контрольный № источника fe8182aaa0a0482cad02af67e0ab2e35
905 a Дата ввода 20181113